Sixth International Conference on Infrared and Millimeter Waves, December 7-12, 1981, Carillon Hotel, Miami Beach, Florida : conference digest /

Bibliographic Details
Corporate Authors: International Conference on Infrared and Millimeter Waves Miami Beach, Fla., IEEE Microwave Theory and Techniques Society
Other Authors: Button, Kenneth J.
Format: Conference Proceeding Book
Language:English
Published: [New York, N.Y.] (233 Spring St., New York 10013) : [Plenum Pub. Corp.], 1981.
Subjects:

MARC

Tag First Indicator Second Indicator Subfields
LEADER 00000cam a2200000 a 4500
001 in00000340013
005 20151011053010.0
008 820519s1981 nyua b 10010 eng
010 |a  81080334  
035 |a (OCoLC)08493129 
035 |9 ABL5735AM 
039 0 |a 2  |b 3  |c 3  |d 3  |e 3 
040 |a DLC  |c DLC  |d TXA  |d UtOrBLW 
049 |a TXAM  |c [1197878] 
050 0 0 |a TA1570  |b  I565 1981 
082 0 |a 621.36/12  |2 19 
111 2 |a International Conference on Infrared and Millimeter Waves  |n (6th :  |d 1981 :  |c Miami Beach, Fla.) 
245 1 0 |a Sixth International Conference on Infrared and Millimeter Waves, December 7-12, 1981, Carillon Hotel, Miami Beach, Florida :  |b conference digest /  |c Kenneth J. Button, editor ; sponsored by IEEE Microwave Theory and Techniques Society. 
264 1 |a [New York, N.Y.] (233 Spring St., New York 10013) :  |b [Plenum Pub. Corp.],  |c 1981. 
300 |a 1 volume (various pagings) :  |b illustrations ;  |c 28 cm. 
336 |a text  |b txt  |2 rdacontent 
337 |a unmediated  |b n  |2 rdamedia 
338 |a volume  |b nc  |2 rdacarrier 
500 |a Spine title: IEEE 1981 Infrared and millimeter waves. 
500 |a "IEEE cat. number 81CH 1645-1 MTT." 
504 |a Includes bibliographical references. 
650 0 |a Infrared technology  |v Congresses. 
650 0 |a Millimeter waves  |v Congresses. 
650 0 |a Millimeter wave devices  |v Congresses. 
650 0 |a Spectrum analysis  |v Congresses. 
700 1 |a Button, Kenneth J. 
710 2 |a IEEE Microwave Theory and Techniques Society. 
740 0 |a IEEE 1981 Infrared and millimeter waves. 
740 0 |a Conference digest. 
999 |a MARS 
999 f f |s d62fb9c0-dc92-341c-bc1d-53a8399a1bba  |i fd87c34f-83c5-3d94-a85e-43db162ca34f  |t 0 
952 f f |p ric  |a Texas A&M University  |b Rellis Campus  |c Joint Library Facility  |d Remote Storage  |t 0  |e TA1570 I565 1981  |h Library of Congress classification  |i unmediated -- volume  |m A14807240420 
998 f f |a TA1570 I565 1981  |t 0  |l Remote Storage